| 000 | 02710cam a2200577 i 4500 | ||
|---|---|---|---|
| 001 | xx004846920 | ||
| 003 | NUKAT | ||
| 005 | 20260428131543.0 | ||
| 008 | 200422s2020 pl a |001 0dpol c | ||
| 020 |
_a9788380988293 _q(oprawa twarda) : _czł 50,00 |
||
| 035 | _a(OCoLC)1153322684 | ||
| 035 | _a(NUKAT)xx004846920 | ||
| 040 |
_aKAT U/AM _bpol _erda _cKAT U/AMs _dKAT U/AM _dOLSZT 008/bak |
||
| 041 | 1 |
_apol _heng |
|
| 045 | 2 |
_bd1940 _bd1952 |
|
| 046 |
_k2020 _o1951 _p1952 |
||
| 245 | 0 | 0 |
_aMord w Lesie Katyńskim : _bprzesłuchania przed amerykańską komisją Maddena w latach 1951-1952. _nT. 3 / _cwstęp, wybór i opracowanie Witold Wasilewski ; przełożył Wacław Jan Popowski ; Instytut Pamięci Narodowej. Komisja Ścigania Zbrodni przeciwko Narodowi Polskiemu. |
| 246 | 3 | 0 |
_aPrzesłuchania przed amerykańską komisją Maddena w latach 1951-1952. _nT. 3 |
| 260 |
_aWarszawa : _bInstytut Pamięci Narodowej. Komisja Ścigania Zbrodni przeciwko Narodowi Polskiemu, _c2020. |
||
| 300 |
_a815 stron : _bilustracje ; _c25 cm. |
||
| 336 |
_aTekst _btxt _2rdacontent |
||
| 337 |
_aBez urządzenia pośredniczącego _bn _2rdamedia |
||
| 338 |
_aWolumin _bnc _2rdacarrier |
||
| 380 | _aKsiążki | ||
| 380 | _aPublikacje naukowe | ||
| 388 | 1 | _a2001- | |
| 504 | _aIndeks osób. Indeks geograficzny do tomów I-III. | ||
| 600 | 1 | 7 |
_aMadden, Ray J. _d(1892-1987) _2DBN _940807 |
| 600 | 1 | 7 |
_aMadden, Ray John _d(1892-1987). _2kaba _940808 |
| 610 | 2 | 7 |
_aKongres Stanów Zjednoczonych _2DBN _940809 |
| 610 | 1 | 7 |
_aStany Zjednoczone. _bCongress. _bHouse. _bSelect Committee on the Katyn Forest Massacre. _2kaba _940810 |
| 648 | 7 |
_a1901-2000 _2DBN _934996 |
|
| 648 | 7 |
_a1939-1945 _2DBN _936042 |
|
| 648 | 7 |
_a1945-1989 _2DBN _936043 |
|
| 650 | 7 |
_aEgzekucja polskich oficerów w Katyniu (1940) _2DBN _940811 |
|
| 650 | 7 |
_aParlamentarna komisja śledcza _2DBN _940812 |
|
| 650 | 7 |
_aPrzesłuchanie świadka _2DBN _940813 |
|
| 650 | 7 |
_aŚledztwo i dochodzenie _2DBN _940784 |
|
| 650 | 7 |
_aSprawa katyńska _2DBN _940759 |
|
| 650 | 7 |
_aZbrodnia katyńska (1940) _2DBN _940760 |
|
| 650 | 7 |
_aKatyń, Zbrodnia (1940) _xźródła. _2kaba _940814 |
|
| 650 | 7 |
_aPrzesłuchanie świadków _zStany Zjednoczone _y1945-1970 _vźródła. _2kaba _940815 |
|
| 651 | 7 |
_aStany Zjednoczone (USA) _2DBN _935652 |
|
| 655 | 7 |
_aWydawnictwo źródłowe _2DBN _935066 |
|
| 658 | _aHistoria | ||
| 700 | 1 |
_aPopowski, Wacław Jan. _eTłumaczenie _940805 |
|
| 700 | 1 |
_aWasilewski, Witold _d(1972- ). _eWstęp _eRedakcja _940806 |
|
| 710 | 2 |
_aInstytut Pamięci Narodowej - Komisja Ścigania Zbrodni przeciwko Narodowi Polskiemu. _eInstytucja sprawcza _eWydawca _4pbl _911792 |
|
| 920 | _a978-83-8098-829-3 (oprawa twarda) : zł 50,00 | ||
| 942 |
_2ddc _cBK_NM |
||
| 999 |
_c27843 _d27843 |
||